Представление документа в формате RUSMARC

ПолеНазваниеЗначение
  Тип записи a
  Библиографический уровень m
001 Контрольный номер db2c0d74ef9f40a986275e98381dd635
005 Дата корректировки 20140621120046.3
010 Индекс ISBN __
a ISBN 5-8018-0068-9
200 Заглавие и сведения об ответственности 1_
a Заглавие Кадры предприятия
e Сведения, относящиеся к заглавию 300 образцов новых должностных инструкций:Практ.пособие
f Первые сведения об ответственности Щур Денис Леонидович, Труханович Лилия Васильевна
205 Сведения об издании __
b Дополнительные сведения об издании 3-е изд.,стер.
210 Выходные данные 1_
a Место издания М.
c Издательство ДИС
d Дата издания 2001
215 Физическое описание __
a Объем 909 с.
610 Ключевые слова 0_
a Ключевые слова кадры предприятия
610 Ключевые слова 0_
a Ключевые слова должностные инструкции
610 Ключевые слова 0_
a Ключевые слова практическое пособие
610 Ключевые слова 0_
a Ключевые слова 300
686 Индексы других классификаций __
a Классификационный индекс 65.9(2)24
2 Код системы rubbk
686 Индексы других классификаций __
a Классификационный индекс 65.9(2)240
2 Код системы rubbk
700 Автор _1
a Фамилия Щур Денис Леонидович
701 Альтернативная интеллектуальная ответственность _1
a Фамилия Труханович Лилия Васильевна
801 Источник записи _0
a Страна RU
b Организация РУК
c Дата составления 20041220
g Правила каталогизации PSBO
801 Источник записи _1
a Страна RU
b Организация РУК
c Дата составления 20041220
g Правила каталогизации PSBO
852 Данные о местонахождении __
i Авторский знак Щ98
j Шифр хранения ББК 65.9(2)24
901 Тип документа __
t Тип документа m
938 Служебная информация __
a Название организации Головной вуз
b Имя БД BOOK
c Название АИБС АИБС ИРБИС